Adèle - Paroles Million Years Ago - Statistiques

Statistiques générales
  • Ce quiz a été pris 62 fois
    27 depuis la dernière actualisation
  • Le résultat moyen est 218 sur 288
Statistiques - réponses
Hint Réponse % Correct
do
100%
fun
100%
have
100%
Couplet 1 | Refrain I
100%
my
100%
only
100%
the
100%
to
100%
To
100%
feel
94%
fly
94%
know
94%
Learning
94%
learning
94%
me
94%
run
94%
way
94%
When
94%
when
94%
Who
94%
who
94%
a
88%
A
88%
decide
88%
I'm
88%
just
88%
not
88%
one
88%
done
81%
heart
81%
regrets
81%
wanted
81%
was
81%
ago
75%
is
75%
it
75%
let
75%
live
75%
million
75%
things
75%
up
75%
years
75%
young
75%
And
69%
and
69%
be
69%
But
69%
cry
69%
it's
69%
It's
69%
little
69%
Sometimes
69%
That
69%
that
69%
whatch
69%
air
63%
all
63%
by
63%
can
63%
could
63%
Deep
63%
floor
63%
friends
63%
life
63%
Life
63%
like
63%
Like
63%
miss
63%
more
63%
mother
63%
see
63%
sky
63%
they
63%
They
63%
think
63%
watch
63%
would
63%
can't
56%
down
56%
known
56%
Look
56%
look
56%
must
56%
party
56%
they've
56%
this
56%
thrown
56%
wish
56%
always
50%
don't
50%
eye
50%
flashing
50%
in
50%
In
50%
never
50%
of
50%
soul
50%
became
44%
day
44%
joke
44%
light
44%
memory
44%
now
44%
or
44%
recognize
44%
reflection
44%
say
44%
scared
44%
streets
44%
they're
44%
thought
44%
walk
44%
Where
44%
around
38%
feet
38%
found
38%
grew
38%
inevitable
38%
stand
38%
they'd
38%
bare
31%
earn
31%
I'd
31%
pay
31%
stripes
31%
try
31%
Aucun quiz correspondant
Distribution des résultats
% des personnes avec chaque résultat
Percentile par nombre de réponses
Votre historique - résultats
Vous n’avez pas pris ce quiz depuis la dernière actualisation